Statistics, probability, and reliability for civil and environmental engineers / (Record no. 330568)

000 -LEADER
fixed length control field 01221pam a2200313 a 4500
001 - CONTROL NUMBER
control field 4473684
003 - CONTROL NUMBER IDENTIFIER
control field NUST
005 - DATE AND TIME OF LATEST TRANSACTION
control field 20170720124137.0
008 - FIXED-LENGTH DATA ELEMENTS--GENERAL INFORMATION
fixed length control field 961204s1997 nyua b 001 0 eng
010 ## - LIBRARY OF CONGRESS CONTROL NUMBER
LC control number 96052333
020 ## - INTERNATIONAL STANDARD BOOK NUMBER
International Standard Book Number 0070359652 (text)
020 ## - INTERNATIONAL STANDARD BOOK NUMBER
International Standard Book Number 0070359660 (sm)
040 ## - CATALOGING SOURCE
Original cataloging agency DLC
Transcribing agency DLC
Modifying agency DLC
050 00 - LIBRARY OF CONGRESS CALL NUMBER
Classification number TA340
Item number .K67 1997
082 00 - DEWEY DECIMAL CLASSIFICATION NUMBER
Classification number 624.072 KOT
Edition number 21
100 1# - MAIN ENTRY--PERSONAL NAME
Personal name Kottegoda, N. T.
9 (RLIN) 3504
245 00 - TITLE STATEMENT
Title Statistics, probability, and reliability for civil and environmental engineers /
Statement of responsibility, etc. Nathabandu T. Kottegoda, Renzo Rosso.
260 ## - PUBLICATION, DISTRIBUTION, ETC.
Place of publication, distribution, etc. New York :
Name of publisher, distributor, etc. McGraw-Hill,
Date of publication, distribution, etc. c1997.
300 ## - PHYSICAL DESCRIPTION
Extent xxiii, 735 p. :
Other physical details ill. ;
Dimensions 25 cm.
500 ## - GENERAL NOTE
General note P.B
504 ## - BIBLIOGRAPHY, ETC. NOTE
Bibliography, etc. note Includes bibliographic references and index.
650 #0 - SUBJECT ADDED ENTRY--TOPICAL TERM
Topical term or geographic name entry element Civil engineering
General subdivision Statistical methods.
9 (RLIN) 3505
650 #0 - SUBJECT ADDED ENTRY--TOPICAL TERM
Topical term or geographic name entry element Environmental engineering
General subdivision Statistical methods.
9 (RLIN) 3506
650 #0 - SUBJECT ADDED ENTRY--TOPICAL TERM
Topical term or geographic name entry element Probabilities.
9 (RLIN) 79
650 #0 - SUBJECT ADDED ENTRY--TOPICAL TERM
Topical term or geographic name entry element Reliability (Engineering)
9 (RLIN) 3507
700 1# - ADDED ENTRY--PERSONAL NAME
Personal name Rosso, Renzo.
9 (RLIN) 3508
906 ## - LOCAL DATA ELEMENT F, LDF (RLIN)
a 7
b cbc
c orignew
d 1
e ocip
f 19
g y-gencatlg
942 ## - ADDED ENTRY ELEMENTS (KOHA)
Source of classification or shelving scheme
Koha item type Book
Call number prefix IESE
Holdings
Withdrawn status Lost status Source of classification or shelving scheme Damaged status Not for loan Collection code Permanent Location Current Location Shelving location Date acquired Total Checkouts Full call number Barcode Date last seen Price effective from Koha item type
            Institute of Environmental Science and Engineering (IESE) Institute of Environmental Science and Engineering (IESE) General Stacks 07/20/2017   624.072 KOT IESE-509 07/20/2017 07/20/2017 Book
© 2023 Central Library, National University of Sciences and Technology. All Rights Reserved.